Voyage en Orient

محفوظ في:

المؤلف الرئيسي: aubenas, sylvie

التنسيق: كتاب

اللغة: Undetermined

منشور في: Paris Hazan : Bibliothèque nationale de France 1999

الموضوعات:

الوسوم: إضافة وسم

لا توجد وسوم, كن أول من يضع وسما على هذه التسجيلة!

رقم الطلب: (L) DS44 .5 .A83

LEADER 00864nam a2200193Ia 4500
008 221124s9999||||xx |||||||||||||| ||und||
020 |a 285-025-68809 
050 4 |a (L) DS44 .5 .A83 
100 1 |a aubenas, sylvie 
245 1 0 |a  Voyage en Orient 
264 1 |a  Paris  |b Hazan : Bibliothèque nationale de France  |c 1999 
300 |a 212.P  |c 25 X 29 cm. 
504 |a Toutes les pgotographies proviennent du department des estampes et de la pgotographie de la bibliotheque nationale de france , sauf celles de la collection priss d, avesnes qui snt conservees au department des manuscits occidentaux.  
650 4 |a Egypt Pictorial works 
650 4 |a Lebanon Pictorial works 
650 4 |a Syria Pictorial works 
942 |2 lcc  |c BK 
952 |0 0  |1 0  |2 lcc  |4 0  |7 1  |9 44046  |a ARCE  |b ARCE  |d 2022-11-24  |l 0  |o (L) DS44 .5 .A83  |p 1020274  |r 2022-11-24 00:00:00  |w 2022-11-24  |y BK 
999 |c 50503  |d 50503